000 00528nam a22002057a 4500
003 OSt
005 20260429110031.0
008 260429b |||||||| |||| 00| 0 eng d
020 _a978-93-5699-997-8
040 _cSBCL
082 _a158.1
_bBHA-R
100 _aBhagat, Chetan
245 _a11 Rules for Life
_b: Secrets to Level up
260 _aHaryana
_bHarperCollins Publishers
_c2024
300 _a219p.
630 _xPhilosophy & psychology
650 _aPsychology
650 _aApplied psychology
942 _cBOOK
999 _c138093
_d138094